LEADER 01621nam a2200325 i 4500 001 000000115399 003 CaOOAMICUS 005 20251001164435.0 008 030521s1983 it u000 u ita u 013 $a88088 040 $aSeMil$bita 245 13$aIl Papa e Padova /$ca cura di Giorgio Segato ; presentazioni di Filippo Franceschi, Carlo Bernini, Settimo Gottardo ; introduzione di Claudio Bellinati ; fotografie di Paolo Cusenza ... [et al.]. 260 $aPadova :$bSignum Edizioni,$ccopyr. 1983. 300 $a134 p. :$briccamente ill. ;$c25X31 cm. 500 $aContiene : Appendice di notizie e documenti ; Fondo Card. C.M. Martini. 650 4$aPadova - Storia religiosa.$0(OLS)http://semarc/subject/5118 650 4$aGiovanni Paolo II - Viaggi apostolici.$0(OLS)http://semarc/subject/1463 700 1 $aSegato, Giorgio.$0(OLS)http://semarc/name/48196 700 1 $aFranceschi, Filippo .$0(OLS)http://semarc/name/17090 700 1 $aCusenza, Paolo.$0(OLS)http://semarc/name/48199 700 1 $aGottardo, Settimo.$0(OLS)http://semarc/name/48198 700 1 $aBellinati, Claudio,$d<1945- >.$0(OLS)http://semarc/name/5439 700 1 $aBernini, Carlo <1936-2010>.$0(OLS)http://semarc/name/48197 850 $aSeMil 852 $aSeMil$W1$xVenegono$y1$m3.SOVR III 1$j262622$B70923$CSeMilBibl$Z2$F78111 $81 941 1 $a4 961 $aOmaggio: Martini Card. Carlo Maria 996 $6245$aIl Papa e Padova$9(OLS)http://semarc/title/169015 996 $6260$aPadova :$bSignum Edizioni$9(OLS)http://semarc/publisher/45441 LEADER 01233nam a2200217 i 4500 001 000000128351 003 CaOOAMICUS 005 20251120142734.0 008 040721s1969 gw u000 u lat u 040 $aSeMil$bita 100 1 $aTheophilus : Antiochenus,$c.$0(OLS)http://semarc/name/35400 245 10$a8: Theophili episcopi Antiocheni ad Autolycum libri tres /$cAd optimos libros Mss. nunc primum aut denuo collatos recensuit prolegomenis adnotatione critica et exegetica atque versione latina instruxit indices adiecit Ioann. carol. Theod. Otto ; accedunt Theophili qui feruntur Commentarii in quatuor Evangelia : nunc primum castigatiores. 250 $aUnveränderter Neudruck. 264 1$aWiesbaden :$bSändig,$c1969. 300 $aLV, 364 p., [2] c. di tav. ;$c22 cm. 773 0 $tCorpus apologetarum Christianorum saeculi secundi.$dWiesbaden : Sändig, 1969-1983.$g8$w()11925 850 $aSeMil 852 $aSeMil$W1$xVenegono$y1$m2S II 75$j82577$B82577$CSeMilBibl$Z2$F84917 $81 996 $6245$a8: Theophili episcopi Antiocheni ad Autolycum libri tres$9(OLS)http://semarc/title/189650 996 $6264$aWiesbaden :$bSändig$9(OLS)http://semarc/publisher/33285